Gatekeeping theory

में बचाया:
ग्रंथसूची विवरण
मुख्य लेखकों: Shoemaker, Pamela (लेखक), Vos, Tim (लेखक)
स्वरूप: पुस्तक
भाषा:अंग्रेज़ी
प्रकाशित: Nueva York Routledge 2009
संस्करण:1a. ed
विषय:
टैग: टैग जोड़ें
कोई टैग नहीं, इस रिकॉर्ड को टैग करने वाले पहले व्यक्ति बनें!

MARC

LEADER 00000cam a2200000 a 4500
001 UCE7640
003 CL-VaPUC
008 150626e20090000us |||||||||||||||||eng|d
020 |a 0415981387 
082 0 4 |a 302.2  |b SHO  |2 21 
100 0 |a Shoemaker, Pamela  |e author  |9 580318 
700 0 |a Vos, Tim  |e author  |9 580319 
245 1 0 |a Gatekeeping theory 
250 |a 1a. ed 
300 |a 173 p 
942 |c BK 
945 |d 20150626 15:30:00  |a gsalatino 
260 |a Nueva York  |b Routledge  |c 2009 
650 7 |a INFORMACION SOCIAL  |2 CL-VaPUC  |9 425707 
650 0 |a Agentes de cambio  |9 403395 
650 0 |a Medios de comunicación  |9 257206 
583 |a last modification  |c 20150626 15:30:00  |k Rodrigo Vera 
999 |c 359695  |d 359693 
952 |0 0  |1 0  |3 erb  |4 0  |6 302_200000000000000_SHO_2009  |7 0  |8 A  |9 469091  |a BIBCUR  |b BIBCUR  |i 5165008  |o 302.2 SHO 2009  |p 5165008  |r 2025-04-22  |w 2019-11-23  |y BK  |z Catalogado en:20150626  |k MGC